| Tag |
First Indicator |
Second Indicator |
Subfields |
| LEADER |
00000cam a2200000 4500 |
| 001 |
in00000096943 |
| 005 |
20150925090642.0 |
| 008 |
740909s1971 at a b 10000 eng |
| 010 |
|
|
|a 74177930
|
| 015 |
|
|
|a ANL
|
| 020 |
|
|
|a 0909482004
|
| 035 |
|
|
|a (OCoLC)01056120
|
| 035 |
|
|
|9 AAL2658AM
|
| 040 |
|
|
|a DLC
|c DLC
|d TXA
|d UtOrBLW
|
| 049 |
|
|
|a TXAM
|c [720328]
|
| 050 |
0 |
0 |
|a TN279
|b .R55 1971
|
| 082 |
0 |
|
|a 622/.23
|
| 111 |
2 |
|
|a Rock Breaking Seminar
|d (1971 :
|c University of Queensland)
|
| 245 |
1 |
0 |
|a Rock breaking seminar, February 24th and 25th, 1971 :
|b [papers.
|
| 264 |
|
1 |
|a St. Lucia, Q.] :
|b University of Queensland Dept. of Mining and Metallurgical Engineering,
|c 1971.
|
| 300 |
|
|
|a 152 pages :
|b illustrations, diagrams, graphs. ;
|c 26 cm.
|
| 336 |
|
|
|a text
|b txt
|2 rdacontent
|
| 337 |
|
|
|a unmediated
|b n
|2 rdamedia
|
| 338 |
|
|
|a volume
|b nc
|2 rdacarrier
|
| 504 |
|
|
|a Includes bibliographical references.
|
| 650 |
|
0 |
|a Blasting
|v Congresses.
|
| 650 |
|
0 |
|a Rock mechanics
|v Congresses.
|
| 710 |
1 |
|
|a Queensland.
|b University, Brisbane.
|b Department of Mining and Metallurgical Engineering.
|
| 999 |
|
|
|a MARS
|
| 999 |
f |
f |
|s d8f24892-563e-35d2-9d24-fce851aa6b50
|i 7e88724d-d4ad-3534-a767-875b5b67772f
|t 0
|
| 952 |
f |
f |
|p ric
|a Texas A&M University
|b Rellis Campus
|c Joint Library Facility
|d Remote Storage
|t 0
|e TN279 .R55 1971
|h Library of Congress classification
|i unmediated -- volume
|m A14805575560
|
| 998 |
f |
f |
|a TN279 .R55 1971
|t 0
|l Remote Storage
|